| 000 | 01079nam a2200193 4500 | ||
|---|---|---|---|
| 001 | 119 | ||
| 005 | 20230410101715.0 | ||
| 008 | 060907n1992 dr spa | ||
| 020 | _a2920862642 | ||
| 035 | _9funglode119 | ||
| 050 | 1 | 4 | _a110 PN 4748 P928 1991 |
| 110 | _aAgence Hatienne de Presse | ||
| 245 | 1 | 3 |
_aLa presse sous la mitraille (Hati, 30 septembre 1991) / _cAgence Hatienne de Presse |
| 260 |
_a[s. l.] : _bCIDIHCA, _c1992 |
||
| 300 | _a179 p. | ||
| 520 | _aPas de coup d'etat sans le contrle de la presse, 19. -- Les militaires sèment la mort, sabotent les stations de radio, 31. -- Répression contre la presse : témoignanes des confrères, 39. -- L'affaire Paul Jean Mario, 65. -- Situation des médias, 77. -- Solidarité avec la presse hatienne. déclarations et déboires des officiels de facto, 119. -- Conclucion : Quelle Presse pour Hati?, 157. -- Juin 1992 : GRALIP. Presse hatienne, entre le billonnement et le devoir d'informer. Bilan, analyse et perspectives, 167 | ||
| 710 | _aAgence Hatienne de Presse | ||
| 942 |
_2lcc _cbk |
||
| 999 |
_c12451 _d12451 |
||